00698cam a2200241 a 4500001000800000005001700008008004100025010001700066020001500083035001200098040001800110041000800128080001200136082001600148100000700164101000800171245005200179740004000231906004500271942001200316999001700328952011100345395215920180313094931.0930826s1992 nyu d 000 0 eng  a 93197350  a093389564X a(OCoLC) aDLCcDLCdDLC aeng a423 WES00a423 WES220 a23 aFJA00aNew Webster's dictionary and Roget's thesaurus.0 aWebster's dictionary and thesaurus. a7bcbccorignewd2encipf19gy-gencatlg 2ddccBK c44914d44914 00102udc40708PËKGa002b002cPËKGd2018-03-13l0o423 WESp002-3002111r2018-03-13w2018-03-13yBK